000 00614nam a2200241Ia 4500
003 OSt
005 20221007095148.0
006 a|||||r|||| 00| 0
007 ta
008 221006b |||||||| |||| 00| 0 eng d
024 _a975
037 _cTextual
040 _aLCO
_cLCO
_beng
041 _2eng
_aeng
082 _aZOaQ, M4
100 _aIyer V.R.K.
_9692280
245 0 _aLaw and Religion
260 _aNew
_bDelhi Deep & Deep Publications India
_c1984
300 _a292
650 _aLAW AND RELIGION
_9700868
942 _hZOaQ, M4
_cTEXL
999 _c1170538
_d1170538